Statistics for American Aircraft of World War II

Click here to take the quiz!

General Stats

  • This quiz has been taken 25 times
  • The average score is 13 of 31

Answer Stats

HintAnswer% Correct
The first long range fighter to be able to compete with the Luftwaffe's fighters.North American P-51 Mustang
100%
Dropped more bombs than any other aircraft during World War II.Boeing B-17 Flying Fortress
90%
Known for dropping the Atomic bombs on Japan.Boeing B-29 Superfortress
85%
Played an instrumental role in closing the Mid-Atlantic gap in the Battle of the Atlantic.Consolidated B-24 Liberator
85%
When fully loaded, this plane weighed up to 8 tons, making it one of the heaviest fighters of the war.Republic P-47 Thunderbolt
80%
Some Japanese pilots regarded it as the most formidable American fighter of World War II and its naval aviators achieved an 11:1 kill ratio.Vought F4U Corsair
80%
Had inferior performance against the Zero in the battles of the Coral Sea and Midway.Grumman F4F Wildcat
75%
Named in honor of a Brigadier General, who was a pioneer of U.S. military aviation.North American B-25 Mitchell
75%
It was the United States Navy's dominant fighter in the second half of the Pacific War.Grumman F6F Hellcat
70%
Incorporated a distinctive twin-boom design with a central nacelle containing the cockpit and armament.Lockheed P-38 Lightning
65%
Was used by most Allied powers during World War II, and remained in front line service until the end of the war. It was the third most-produced American fighter of World War II.Curtiss P-40 Warhawk
60%
It was one of the most widely used seaplanes of World War II.Consolidated PBY-5 Catalina
55%
Ended World War II with the lowest loss rate of any U.S. Army Air Forces bomber.Martin B-26 Marauder
55%
Was the United States Navy's main carrier-based scout/dive bomber from mid-1940 through mid-1944.Douglas SBD Dauntless
50%
Despite the loss of five of the six aircraft on its combat debut, it survived in service to become the most effective and widely-used torpedo bomber of World War IIGrumman TBF Avenger
50%
Was used by the Soviet Air Force, and enabled individual Soviet pilots to collect the highest number of kills attributed to any U.S. fighter type flown by any air force in any conflict.Bell P-39 Airacobra
45%
It was one of the first of a new generation of combat aircraft—a sleek monoplane design with a retractable undercarriage making extensive use of metal in its construction.Curtiss P-36 Hawk
45%
Was used for troop transport, cargo, paratrooper, for towing gliders and military cargo parachute drops.Douglas C-47 Skytrain
40%
Known for it's poor performance at the Battle of MidwayDouglas TBD Devastator
30%
Nicknames for the aircraft included "Big-Tailed Beast" or just "Beast","Two-Cee", and "Son-of-a-Bitch 2nd Class"; the latter nickname was derived from the aircraft's name and the aircraft's reputation for having difficult handling characteristics.Curtiss SB2C Helldiver
25%
Was one of the first USAAF aircraft to sink a German U-boat.Douglas B-18 Bolo
25%
Besides transport of cargo, this plane also carried presidents, prime ministers, and military staff.Douglas C-54 Skymaster
15%
One of the first U.S. monoplanes with an arrestor hook and other modifications for aircraft carriers.Brewster F2A Buffalo
5%
Capable of being fitted with either float or wheeled landing gear, this plane was arguably America's best floatplane scout of World War II.Curtiss SC Seahawk
5%
A third of these Aircraft served with the Soviet Union.Douglas A-20 Havoc
5%
During World War II, this plane became an effective transport for the US military (including the United States Coast Guard), as well as serving with many other air forces.Grumman G-21 Goose
5%
Used as an observation aircraft, similar to that of Balloons in World War I.L-2,L-4,L-6 Grasshopper
5%
Used by the US Navy during World War II in bombing, antisubmarine, and transport roles.Consolidated PB2Y Coronado
0%
Had to be able to operate both from ocean vessels with a single center float and from land bases with the float replaced by a wheeled landing gear.Curtiss SO3C Seamew
0%
The aircraft served on battleships and cruisers in a seaplane configuration.Curtiss SOC Seagull
0%
It was used by each major branch of the U.S. armed forces from the mid-1930s until just after World War II, primarily for utility and air-sea rescue duties.Grumman J2F Duck
0%

Score Distribution

Percentile by Number Answered

Percent of People with Each Score

Your Score History

You have not taken this quiz